• 首页
  • 本馆介绍
  • 公告通知
  • 最新文献
  • 馆藏检索
  • 电子资源
  • 读者导购
  • 参考咨询
  • 我的图书馆
  • 登录
  • 详细信息显示
  • 放入我的书架
  • 预约/预借图书
  • 作者相关作品
  • 分类相关作品
  • 丛书相关作品
  • 出版社相关作品

书目信息

  • 表格格式
  • 工作单格式
  • 卡片格式
题名:
中国革命史自学指南
    
 
作者: 薛尚涌 , 肖贵清 主编
分册:  
出版信息: 北京   海洋出版社  1993.3
页数: 376页
开本: 19cm
丛书名:
单 册:
中图分类: K25
科图分类: 22.27
主题词: 资产阶级民主革命--历史--中国--高等学校--自学参考资料 , 新民主主义革命--历史--中国--高等学校--自学参考资料 , 社会主义革命--历史--中国--高等学校--自学参考资料 , 民族民主革命--历史--中国--高等学校--自学参考资料
电子资源:
ISBN: 7-5027-3025-7
000 00956nam0 2200277 45
001 0194033045
005 20070923155050.40
010    @a7-5027-3025-7@dCNY4.80
100    @a19940724d1993 em y0chiy0121 ea
101 0  @achi
102    @aCN@b110000
105    @ay z 000yy
200 10 @a中国革命史自学指南@AZHONG GUO GE MING SHI ZI XUE ZHI NAN@f薛尚涌,肖贵清主编@FXUE SHANG YONG , XIAO GUI QING ZHU BIAN
210    @a北京@c海洋出版社@d1993.3
215    @a376页@d19cm
540 1  @a革命史@AGE MING SHI
606    @a资产阶级民主革命@x历史@y中国@x高等学校@x自学参考资料
606    @a新民主主义革命@x历史@y中国@x高等学校@x自学参考资料
606    @a社会主义革命@x历史@y中国@x高等学校@x自学参考资料
606    @a民族民主革命@x历史@y中国@x高等学校@x自学参考资料
690    @aK25@v三版
692    @a22.27
701  0 @a薛尚涌@AXUE SHANG YONG@4主编
701  0 @a肖贵清@AXIAO GUI QING@4主编
801  0 @aCN@bTSSF@c20070923
905    @a10447@dK25@e177
    
    中国革命史自学指南/薛尚涌,肖贵清主编.-北京:海洋出版社,1993.3
    376页;19cm
    
    
    ISBN 7-5027-3025-7:CNY4.80
    
●
相关链接 在E读中查询图书 在五车中查询图书 在当当中查询图书 在豆瓣中查询图书


正题名:中国革命史自学指南     索取号:K25/177         预约/预借

序号 登录号 条形码 馆藏地/架位号 状态 备注
1 0624545   206245455   第二样本阅览室/ [索取号:K25/177] 在馆    
唐山师范学院图书馆 欢迎您!
大连网信软件有限公司© 版权所有